Recent Onafhankelijk Geworden Landen - Statistieken

Algemene statistieken
  • Deze quiz is 1.996 keer genomen
  • De gemiddelde score is 24 van 30
Antwoordstatistieken
Land % Correct
Slowakije
96%
Tsjechië
95%
Oekraïne
93%
Servië
92%
Kroatië
91%
Zuid-Soedan
91%
Bosnië en Herzegovina
90%
Estland
90%
Kosovo
90%
Letland
90%
Belarus
89%
Litouwen
89%
Montenegro
88%
Slovenië
87%
Noord-Macedonië
86%
Kazachstan
85%
Georgië
83%
Armenië
82%
Azerbeidzjan
81%
Moldavië
79%
Turkmenistan
79%
Oezbekistan
76%
Oost-Timor
75%
Kirgizië
74%
Tadzjikistan
74%
Eritrea
72%
Rusland
69%
Namibië
50%
Jemen
15%
Palau
12%
Geen overeenkomende quizzen gevonden
Scoreverdeling
Procent van Mensen met Elke Score
Percentiel versus Aantal Correcte Antwoorden
Uw Scoregeschiedenis
U heeft deze quiz nog niet genomen